[Event "2024 National Elementary (K-6) Championship"]
[Site "Columbus, Ohio, United States"]
[Date "????.??.??"]
[Round "1.1"]
[White "Baumstark, Kasimir"]
[Black "Karthi, Jashith"]
[Result "0-1"]
[TimeControl "G/90; d10"]
[WhiteFideId "39943992"]
[BlackFideId "30983029"]
[WhiteElo "1512"]
[BlackElo "2188"]

1. c4 {[%clk 01:30:00]} {[%emt 00:00:06]} e5 {[%clk 01:29:56]} {[%emt
00:00:15]} 2. Nc3 {[%clk 01:30:00]} {[%emt 00:00:06]} Bb4 {[%clk 01:29:56]}
{[%emt 00:00:06]} 3. Nd5 {[%clk 01:29:59]} {[%emt 00:00:10]} Be7 {[%clk
01:29:56]} {[%emt 00:00:06]} 4. Nf3 {[%clk 01:29:33]} {[%emt 00:00:36]} c6
{[%clk 01:28:20]} {[%emt 00:01:46]} 5. Nxe7 {[%clk 01:27:38]} {[%emt 00:02:04]}
Qxe7 {[%clk 01:28:20]} {[%emt 00:00:03]} 6. d4 {[%clk 01:26:29]} {[%emt
00:01:19]} e4 {[%clk 01:28:17]} {[%emt 00:00:15]} 7. Ng1 {[%clk 01:25:43]}
{[%emt 00:00:55]} Qb4+ {[%clk 01:25:54]} {[%emt 00:02:33]} 8. Qd2 {[%clk
01:21:51]} {[%emt 00:04:02]} Qxc4 {[%clk 01:25:17]} {[%emt 00:00:47]} 9. e3
{[%clk 01:21:13]} {[%emt 00:00:47]} Qe6 {[%clk 01:25:08]} {[%emt 00:00:19]} 10.
Ne2 {[%clk 01:17:06]} {[%emt 00:04:16]} d5 {[%clk 01:22:52]} {[%emt 00:02:27]}
11. b4 {[%clk 01:15:08]} {[%emt 00:02:08]} Qd6 {[%clk 01:18:12]} {[%emt
00:04:50]} 12. a4 {[%clk 01:14:25]} {[%emt 00:00:55]} a6 {[%clk 01:13:56]}
{[%emt 00:04:25]} 13. Nc3 {[%clk 01:12:11]} {[%emt 00:02:24]} Qxb4 {[%clk
01:07:21]} {[%emt 00:06:45]} 14. Nxe4 {[%clk 01:12:09]} {[%emt 00:00:12]} Qxd2+
{[%clk 01:07:21]} {[%emt 00:00:05]} 15. Nxd2 {[%clk 01:12:06]} {[%emt
00:00:13]} Bf5 {[%clk 01:06:40]} {[%emt 00:00:49]} 16. a5 {[%clk 01:11:13]}
{[%emt 00:01:05]} Nd7 {[%clk 01:04:02]} {[%emt 00:02:47]} 17. Ba3 {[%clk
01:10:24]} {[%emt 00:00:59]} O-O-O {[%clk 00:56:31]} {[%emt 00:07:42]} 18. Rc1
{[%clk 01:02:50]} {[%emt 00:07:43]} Ngf6 {[%clk 00:52:24]} {[%emt 00:04:17]} 19.
Be2 {[%clk 00:59:39]} {[%emt 00:03:20]} Rhe8 {[%clk 00:51:28]} {[%emt
00:01:06]} 20. Nb3 {[%clk 00:57:29]} {[%emt 00:02:20]} Kc7 {[%clk 00:48:37]}
{[%emt 00:03:03]} 21. O-O {[%clk 00:51:08]} {[%emt 00:06:30]} Ne4 {[%clk
00:46:21]} {[%emt 00:02:24]} 22. Bf3 {[%clk 00:50:19]} {[%emt 00:01:00]} Ndf6
{[%clk 00:40:05]} {[%emt 00:06:26]} 23. Rfd1 {[%clk 00:48:15]} {[%emt
00:02:13]} Bg4 {[%clk 00:34:57]} {[%emt 00:05:20]} 24. Nc5 {[%clk 00:44:33]}
{[%emt 00:03:52]} Bxf3 {[%clk 00:34:07]} {[%emt 00:01:01]} 25. gxf3 {[%clk
00:44:33]} {[%emt 00:00:05]} Nd6 {[%clk 00:32:25]} {[%emt 00:01:53]} 26. Rb1
{[%clk 00:41:00]} {[%emt 00:03:42]} Nb5 {[%clk 00:29:59]} {[%emt 00:02:34]} 27.
Rd3 {[%clk 00:37:58]} {[%emt 00:03:13]} Nd7 {[%clk 00:29:02]} {[%emt 00:01:07]}
28. Bb4 {[%clk 00:35:10]} {[%emt 00:02:56]} Nxc5 {[%clk 00:28:39]} {[%emt
00:00:36]} 29. Bxc5 {[%clk 00:35:10]} {[%emt 00:00:09]} Kc8 {[%clk 00:28:28]}
{[%emt 00:00:21]} 30. Rdb3 {[%clk 00:27:16]} {[%emt 00:08:03]} Re6 {[%clk
00:27:43]} {[%emt 00:00:55]} 31. Re1 {[%clk 00:25:47]} {[%emt 00:01:39]} Rde8
{[%clk 00:27:43]} {[%emt 00:00:10]} 32. Bb4 {[%clk 00:23:37]} {[%emt 00:02:20]}
Nxd4 {[%clk 00:27:02]} {[%emt 00:00:53]} 33. exd4 {[%clk 00:22:18]} {[%emt
00:01:29]} Rxe1+ {[%clk 00:27:02]} {[%emt 00:00:05]} 34. Bxe1 {[%clk 00:21:09]}
{[%emt 00:01:19]} Rxe1+ {[%clk 00:27:02]} {[%emt 00:00:04]} 35. Kg2 {[%clk
00:20:59]} {[%emt 00:00:20]} Kc7 {[%clk 00:26:58]} {[%emt 00:00:12]} 36. Ra3
{[%clk 00:20:24]} {[%emt 00:00:46]} b6 {[%clk 00:26:07]} {[%emt 00:01:01]} 37.
axb6+ {[%clk 00:20:14]} {[%emt 00:00:20]} Kxb6 {[%clk 00:26:07]} {[%emt
00:00:07]} 38. Rb3+ {[%clk 00:19:55]} {[%emt 00:00:29]} Ka7 {[%clk 00:26:06]}
{[%emt 00:00:09]} 39. Rc3 {[%clk 00:19:53]} {[%emt 00:00:15]} Kb6 {[%clk
00:26:06]} {[%emt 00:00:03]} 40. Rb3+ {[%clk 00:19:53]} {[%emt 00:00:07]} Ka7
{[%clk 00:26:06]} {[%emt 00:00:03]} 41. Rc3 {[%clk 00:19:50]} {[%emt 00:00:13]}
Re6 {[%clk 00:26:06]} {[%emt 00:00:03]} 42. Rb3 {[%clk 00:19:11]} {[%emt
00:00:50]} a5 {[%clk 00:26:06]} {[%emt 00:00:07]} 43. Rc3 {[%clk 00:18:04]}
{[%emt 00:01:15]} Kb6 {[%clk 00:26:03]} {[%emt 00:00:13]} 44. Rc5 {[%clk
00:17:52]} {[%emt 00:00:22]} Re1 {[%clk 00:25:49]} {[%emt 00:00:20]} 45. Rc2
{[%clk 00:16:16]} {[%emt 00:01:50]} Rb1 {[%clk 00:25:49]} {[%emt 00:00:06]} 46.
Kg3 {[%clk 00:14:05]} {[%emt 00:02:22]} a4 {[%clk 00:25:49]} {[%emt 00:00:08]}
47. Kf4 {[%clk 00:13:32]} {[%emt 00:00:44]} a3 {[%clk 00:25:44]} {[%emt
00:00:14]} 48. Ke5 {[%clk 00:13:05]} {[%emt 00:00:38]} Kc7 {[%clk 00:23:59]}
{[%emt 00:01:54]} 49. h4 {[%clk 00:11:22]} {[%emt 00:01:54]} Rb2 {[%clk
00:23:59]} {[%emt 00:00:09]} 50. Rc1 {[%clk 00:11:22]} {[%emt 00:00:03]} a2
{[%clk 00:23:59]} {[%emt 00:00:08]} 51. Ra1 {[%clk 00:11:22]} {[%emt 00:00:07]}
Rxf2 {[%clk 00:23:59]} {[%emt 00:00:09]} 52. h5 {[%clk 00:08:33]} {[%emt
00:02:59]} Re2+ {[%clk 00:23:56]} {[%emt 00:00:11]} 53. Kf5 {[%clk 00:08:01]}
{[%emt 00:00:43]} Kb6 {[%clk 00:23:52]} {[%emt 00:00:13]} 54. h6 {[%clk
00:08:01]} {[%emt 00:00:09]} gxh6 {[%clk 00:23:52]} {[%emt 00:00:10]} 55. f4
{[%clk 00:07:43]} {[%emt 00:00:28]} Kb5 {[%clk 00:23:52]} {[%emt 00:00:04]} 56.
Kf6 {[%clk 00:07:35]} {[%emt 00:00:19]} Kb4 {[%clk 00:23:52]} {[%emt 00:00:06]}
57. Kxf7 {[%clk 00:07:25]} {[%emt 00:00:22]} Kb3 {[%clk 00:23:52]} {[%emt
00:00:05]} 58. f5 {[%clk 00:07:09]} {[%emt 00:00:27]} Kb2 {[%clk 00:23:52]}
{[%emt 00:00:04]} 59. Rxa2+ {[%clk 00:06:54]} {[%emt 00:00:25]} Kxa2 {[%clk
00:23:52]} {[%emt 00:00:05]} 60. f6 {[%clk 00:06:24]} {[%emt 00:00:40]} Kb3
{[%clk 00:23:52]} {[%emt 00:00:05]} 61. Kf8 {[%clk 00:06:17]} {[%emt 00:00:17]}
Kc4 {[%clk 00:23:52]} {[%emt 00:00:05]} 62. f7 {[%clk 00:06:17]} {[%emt
00:00:03]} Rf2 {[%clk 00:23:52]} {[%emt 00:00:04]} 63. Kg7 {[%clk 00:06:14]}
{[%emt 00:00:13]} Rxf7+ {[%clk 00:23:52]} {[%emt 00:00:04]} 64. Kxf7 {[%clk
00:05:33]} {[%emt 00:00:51]} Kxd4 {[%clk 00:23:52]} {[%emt 00:00:09]} 65. Kf6
{[%clk 00:05:33]} {[%emt 00:00:09]} c5 {[%clk 00:23:52]} {[%emt 00:00:07]} 66.
Kf5 {[%clk 00:05:30]} {[%emt 00:00:12]} c4 {[%clk 00:23:52]} {[%emt 00:00:05]}
67. Kg4 {[%clk 00:05:22]} {[%emt 00:00:18]} c3 {[%clk 00:23:52]} {[%emt
00:00:05]} 68. Kh5 {[%clk 00:05:22]} {[%emt 00:00:09]} c2 {[%clk 00:23:52]}
{[%emt 00:00:04]} 69. Kxh6 {[%clk 00:05:22]} {[%emt 00:00:07]} c1=Q+ {[%clk
00:23:52]} {[%emt 00:00:06]} 70. Kg7 {[%clk 00:05:15]} {[%emt 00:00:14]} Qg5+
{[%clk 00:23:52]} {[%emt 00:00:05]} 71. Kf7 {[%clk 00:05:15]} {[%emt 00:00:03]}
h5 {[%clk 00:23:52]} {[%emt 00:00:06]} 72. Ke6 {[%clk 00:04:57]} {[%emt
00:00:28]} h4 {[%clk 00:23:52]} {[%emt 00:00:04]} 73. Kd6 {[%clk 00:04:57]}
{[%emt 00:00:08]} h3 {[%clk 00:23:52]} {[%emt 00:00:03]} 74. Ke6 {[%clk
00:04:57]} {[%emt 00:00:08]} h2 {[%clk 00:23:52]} {[%emt 00:00:03]} 75. Kd6
{[%clk 00:04:57]} {[%emt 00:00:05]} h1=Q {[%clk 00:23:52]} {[%emt 00:00:08]} 76.
Ke6 {[%clk 00:04:57]} {[%emt 00:00:05]} Qhh6+ {[%clk 00:23:52]} {[%emt
00:00:04]} 77. Kd7 {[%clk 00:04:49]} {[%emt 00:00:19]} Qgg7+ {[%clk 00:23:52]}
{[%emt 00:00:04]} 78. Ke8 {[%clk 00:04:48]} {[%emt 00:00:11]} Qhh8# {[%clk
00:23:52]} {[%emt 00:00:04]} 0-1

[Event "2024 National Elementary (K-6) Championship"]
[Site "Columbus, Ohio, United States"]
[Date "????.??.??"]
[Round "1.2"]
[White "Yue, Tariq"]
[Black "Andrei, Bryan"]
[Result "1-0"]
[TimeControl "G/90; d10"]
[WhiteFideId "30975182"]
[BlackFideId "30994764"]
[WhiteElo "2073"]
[BlackElo "1497"]

1. Nf3 {[%clk 01:29:52]} {[%emt 00:00:18]} Nf6 {[%clk 01:30:00]} {[%emt
00:00:10]} 2. d4 {[%clk 01:29:48]} {[%emt 00:00:14]} d5 {[%clk 01:29:52]}
{[%emt 00:00:18]} 3. Bf4 {[%clk 01:29:48]} {[%emt 00:00:07]} e6 {[%clk
01:29:32]} {[%emt 00:00:30]} 4. e3 {[%clk 01:29:43]} {[%emt 00:00:15]} Nbd7
{[%clk 01:29:09]} {[%emt 00:00:33]} 5. Bd3 {[%clk 01:28:28]} {[%emt 00:01:25]}
Be7 {[%clk 01:29:03]} {[%emt 00:00:16]} 6. h3 {[%clk 01:28:28]} {[%emt
00:00:09]} O-O {[%clk 01:28:21]} {[%emt 00:00:52]} 7. Nbd2 {[%clk 01:28:17]}
{[%emt 00:00:21]} c5 {[%clk 01:27:49]} {[%emt 00:00:42]} 8. c3 {[%clk
01:28:17]} {[%emt 00:00:10]} c4 {[%clk 01:26:00]} {[%emt 00:02:00]} 9. Bc2
{[%clk 01:28:06]} {[%emt 00:00:20]} b5 {[%clk 01:25:58]} {[%emt 00:00:11]} 10.
e4 {[%clk 01:26:36]} {[%emt 00:01:41]} dxe4 {[%clk 01:25:09]} {[%emt 00:00:59]}
11. Nxe4 {[%clk 01:26:36]} {[%emt 00:00:09]} Bb7 {[%clk 01:25:05]} {[%emt
00:00:15]} 12. Nxf6+ {[%clk 01:25:23]} {[%emt 00:01:23]} Nxf6 {[%clk 01:24:23]}
{[%emt 00:00:51]} 13. O-O {[%clk 01:25:16]} {[%emt 00:00:16]} a5 {[%clk
01:21:21]} {[%emt 00:03:13]} 14. Ne5 {[%clk 01:22:18]} {[%emt 00:03:07]} Nd7
{[%clk 01:16:17]} {[%emt 00:05:15]} 15. Re1 {[%clk 01:17:59]} {[%emt 00:04:29]}
Nxe5 {[%clk 01:15:09]} {[%emt 00:01:18]} 16. Bxe5 {[%clk 01:17:36]} {[%emt
00:00:33]} b4 {[%clk 01:10:38]} {[%emt 00:04:41]} 17. Qh5 {[%clk 01:12:52]}
{[%emt 00:04:53]} g6 {[%clk 01:10:01]} {[%emt 00:00:49]} 18. Qh6 {[%clk
01:10:39]} {[%emt 00:02:23]} Bf6 {[%clk 01:10:01]} {[%emt 00:00:03]} 19. Re3
{[%clk 01:08:22]} {[%emt 00:02:26]} Bxe5 {[%clk 01:07:54]} {[%emt 00:02:17]} 20.
Rxe5 {[%clk 01:08:22]} {[%emt 00:00:09]} f6 {[%clk 01:04:50]} {[%emt 00:03:15]}
21. Bxg6 {[%clk 01:06:29]} {[%emt 00:02:03]} Qe7 {[%clk 01:04:14]} {[%emt
00:00:44]} 22. Rxe6 {[%clk 01:06:14]} {[%emt 00:00:26]} Qd7 {[%clk 01:04:14]}
{[%emt 00:00:09]} 23. Qxh7+ {[%clk 01:05:24]} {[%emt 00:01:00]} Qxh7 {[%clk
01:04:14]} {[%emt 00:00:09]} 24. Bxh7+ {[%clk 01:05:24]} {[%emt 00:00:06]} Kxh7
{[%clk 01:04:02]} {[%emt 00:00:23]} 25. Re7+ {[%clk 01:05:24]} {[%emt
00:00:05]} Kg6 {[%clk 01:04:02]} 26. Rxb7 {[%clk 01:05:20]} {[%emt 00:00:15]}
bxc3 {[%clk 01:04:02]} {[%emt 00:00:01]} 27. bxc3 {[%clk 01:05:17]} {[%emt
00:00:13]} Kf5 {[%clk 01:02:40]} {[%emt 00:01:31]} 28. f3 {[%clk 01:04:27]}
{[%emt 00:00:59]} Kf4 {[%clk 01:02:30]} {[%emt 00:00:21]} 29. Kf2 {[%clk
01:04:27]} {[%emt 00:00:10]} Rfb8 {[%clk 01:02:30]} {[%emt 00:00:09]} 30. Rab1
{[%clk 01:04:18]} {[%emt 00:00:19]} Rc8 {[%clk 01:02:20]} {[%emt 00:00:19]} 31.
R7b5 {[%clk 01:04:10]} {[%emt 00:00:19]} f5 {[%clk 01:02:16]} {[%emt 00:00:14]}
32. h4 {[%clk 01:04:06]} {[%emt 00:00:14]} Rh8 {[%clk 01:01:59]} {[%emt
00:00:26]} 33. g3# {[%emt 00:00:08]} 1-0

[Event "2024 National Elementary (K-6) Championship"]
[Site "Columbus, Ohio, United States"]
[Date "????.??.??"]
[Round "1.3"]
[White "Scamehorn, Jackson"]
[Black "Shen, Leo Xiaohang"]
[Result "0-1"]
[TimeControl "G/90; d10"]
[BlackFideId "39920720"]
[WhiteElo "1488"]
[BlackElo "2064"]

1. e4 {[%clk 01:30:00]} {[%emt 00:00:02]} c6 {[%clk 01:30:00]} {[%emt
00:00:02]} 2. d4 {[%clk 01:30:00]} {[%emt 00:00:02]} d5 {[%clk 01:30:00]}
{[%emt 00:00:03]} 3. Nc3 {[%clk 01:30:00]} {[%emt 00:00:09]} dxe4 {[%clk
01:30:00]} {[%emt 00:00:03]} 4. Nxe4 {[%clk 01:30:00]} {[%emt 00:00:01]} Bf5
{[%clk 01:30:00]} {[%emt 00:00:03]} 5. Ng3 {[%clk 01:29:57]} {[%emt 00:00:12]}
Bg6 {[%clk 01:30:00]} {[%emt 00:00:03]} 6. h4 {[%clk 01:29:57]} {[%emt
00:00:02]} h6 {[%clk 01:30:00]} {[%emt 00:00:05]} 7. Nf3 {[%clk 01:29:57]}
{[%emt 00:00:04]} Nd7 {[%clk 01:30:00]} {[%emt 00:00:10]} 8. h5 {[%clk
01:29:10]} {[%emt 00:00:58]} Bh7 {[%clk 01:30:00]} {[%emt 00:00:03]} 9. Bd3
{[%clk 01:29:10]} {[%emt 00:00:09]} Bxd3 {[%clk 01:30:00]} {[%emt 00:00:05]} 10.
Qxd3 {[%clk 01:28:34]} {[%emt 00:00:44]} e6 {[%clk 01:30:00]} {[%emt 00:00:04]}
11. Bf4 {[%clk 01:25:57]} {[%emt 00:02:46]} Qa5+ {[%clk 01:30:00]} {[%emt
00:00:04]} 12. c3 {[%clk 01:23:21]} {[%emt 00:02:47]} Ngf6 {[%clk 01:29:44]}
{[%emt 00:00:26]} 13. Bd2 {[%clk 01:19:56]} {[%emt 00:03:34]} Be7 {[%clk
01:29:08]} {[%emt 00:00:47]} 14. c4 {[%clk 01:16:53]} {[%emt 00:03:13]} Qc7
{[%clk 01:29:00]} {[%emt 00:00:17]} 15. Nf1 {[%clk 01:14:16]} {[%emt 00:02:47]}
c5 {[%clk 01:26:18]} {[%emt 00:02:53]} 16. b3 {[%clk 01:03:55]} {[%emt
00:10:31]} cxd4 {[%clk 01:25:32]} {[%emt 00:00:55]} 17. Nxd4 {[%clk 01:03:45]}
{[%emt 00:00:21]} a6 {[%clk 01:24:40]} {[%emt 00:01:02]} 18. Qg3 {[%clk
00:58:55]} {[%emt 00:04:59]} Qxg3 {[%clk 01:23:19]} {[%emt 00:01:32]} 19. Nxg3
{[%clk 00:58:55]} {[%emt 00:00:10]} Bd6 {[%clk 01:23:05]} {[%emt 00:00:24]} 20.
Nde2 {[%clk 00:51:08]} {[%emt 00:07:56]} O-O {[%clk 01:21:36]} {[%emt
00:01:40]} 21. O-O-O {[%clk 00:48:38]} {[%emt 00:02:39]} Bc5 {[%clk 01:19:55]}
{[%emt 00:01:51]} 22. f3 {[%clk 00:47:21]} {[%emt 00:01:28]} Rfd8 {[%clk
01:17:44]} {[%emt 00:02:21]} 23. Nc3 {[%clk 00:45:33]} {[%emt 00:01:57]} Ne5
{[%clk 01:16:15]} {[%emt 00:01:40]} 24. Nce4 {[%clk 00:42:09]} {[%emt
00:03:34]} Nxe4 {[%clk 01:15:47]} {[%emt 00:00:38]} 25. Nxe4 {[%clk 00:42:02]}
{[%emt 00:00:16]} Bb6 {[%clk 01:15:19]} {[%emt 00:00:38]} 26. Bc3 {[%clk
00:39:06]} {[%emt 00:03:07]} Nd3+ {[%clk 01:11:51]} {[%emt 00:03:38]} 27. Kc2
{[%clk 00:37:48]} {[%emt 00:01:27]} Nf4 {[%clk 01:11:12]} {[%emt 00:00:49]} 28.
c5 {[%clk 00:32:39]} {[%emt 00:05:20]} Bc7 {[%clk 01:08:46]} {[%emt 00:02:36]}
29. Nd6 {[%clk 00:28:34]} {[%emt 00:04:15]} Nd5 {[%clk 01:06:19]} {[%emt
00:02:37]} 30. Nc4 {[%clk 00:26:47]} {[%emt 00:01:57]} Rac8 {[%clk 01:04:32]}
{[%emt 00:01:57]} 31. Bd4 {[%clk 00:25:08]} {[%emt 00:01:48]} Bb8 {[%clk
01:03:26]} {[%emt 00:01:16]} 32. Kb2 {[%clk 00:24:18]} {[%emt 00:01:01]} Nf4
{[%clk 01:00:08]} {[%emt 00:03:27]} 33. g4 {[%clk 00:22:57]} {[%emt 00:01:31]}
f6 {[%clk 00:54:29]} {[%emt 00:05:49]} 34. Nb6 {[%clk 00:22:31]} {[%emt
00:00:37]} Rc6 {[%clk 00:54:04]} {[%emt 00:00:34]} 35. Be3 {[%clk 00:21:58]}
{[%emt 00:00:43]} Nd5 {[%clk 00:50:57]} {[%emt 00:03:17]} 36. Nxd5 {[%clk
00:21:50]} {[%emt 00:00:18]} exd5 {[%clk 00:50:57]} {[%emt 00:00:07]} 37. Rd3
{[%clk 00:21:33]} {[%emt 00:00:27]} Be5+ {[%clk 00:49:46]} {[%emt 00:01:21]} 38.
Kb1 {[%clk 00:19:55]} {[%emt 00:01:48]} d4 {[%clk 00:45:10]} {[%emt 00:04:46]}
39. Rhd1 {[%clk 00:19:55]} {[%emt 00:00:03]} Rxc5 {[%clk 00:44:51]} {[%emt
00:00:29]} 40. Bxd4 {[%clk 00:19:55]} {[%emt 00:00:05]} Rcd5 {[%clk 00:44:51]}
{[%emt 00:00:06]} 41. Kc2 {[%clk 00:17:11]} {[%emt 00:02:55]} Rxd4 {[%clk
00:44:51]} {[%emt 00:00:08]} 42. f4 {[%clk 00:15:07]} {[%emt 00:02:14]} Rxd3
{[%clk 00:44:51]} {[%emt 00:00:05]} 43. Rxd3 {[%clk 00:15:05]} {[%emt
00:00:12]} Rxd3 {[%clk 00:44:51]} 44. Kxd3 {[%clk 00:15:05]} {[%emt 00:00:13]}
Bxf4 {[%clk 00:44:51]} {[%emt 00:00:06]} 45. b4 {[%clk 00:15:05]} {[%emt
00:00:05]} Kf7 {[%clk 00:44:51]} {[%emt 00:00:04]} 46. a4 {[%clk 00:15:05]}
{[%emt 00:00:04]} Ke6 {[%clk 00:44:51]} {[%emt 00:00:03]} 47. b5 {[%clk
00:15:05]} {[%emt 00:00:03]} axb5 {[%clk 00:44:51]} {[%emt 00:00:03]} 48. axb5
{[%clk 00:15:05]} {[%emt 00:00:06]} Kd5 {[%clk 00:44:51]} {[%emt 00:00:03]} 49.
b6 {[%clk 00:15:05]} {[%emt 00:00:03]} Bd6 {[%clk 00:44:51]} {[%emt 00:00:08]}
50. Ke3 {[%clk 00:14:56]} {[%emt 00:00:20]} Bc5+ {[%clk 00:44:51]} {[%emt
00:00:09]} 51. Kf4 {[%clk 00:14:56]} {[%emt 00:00:05]} Ke6 {[%clk 00:44:51]}
{[%emt 00:00:04]} 52. Ke4 {[%clk 00:14:50]} {[%emt 00:00:17]} Bxb6 {[%clk
00:44:51]} {[%emt 00:00:02]} 53. g5 {[%clk 00:14:50]} {[%emt 00:00:06]} hxg5
{[%clk 00:44:51]} {[%emt 00:00:03]} 54. Kf3 {[%clk 00:14:50]} {[%emt 00:00:02]}
Kf5 {[%clk 00:44:51]} {[%emt 00:00:06]} 55. Kg3 {[%clk 00:14:50]} {[%emt
00:00:02]} g4 {[%clk 00:44:51]} {[%emt 00:00:05]} 56. Kh4 {[%clk 00:14:50]}
{[%emt 00:00:09]} Bf2+ {[%clk 00:44:51]} {[%emt 00:00:02]} 0-1

[Event "2024 National Elementary (K-6) Championship"]
[Site "Columbus, Ohio, United States"]
[Date "????.??.??"]
[Round "1.4"]
[White "Jammalamadaka, Vihaan"]
[Black "Ibrahim, Omar"]
[Result "1-0"]
[TimeControl "G/90; d10"]
[WhiteFideId "30977134"]
[WhiteElo "2055"]
[BlackElo "1477"]

1. d4 {[%clk 01:29:54]} {[%emt 00:00:15]} Nf6 {[%clk 01:30:00]} {[%emt
00:00:06]} 2. c4 {[%clk 01:29:52]} {[%emt 00:00:12]} e6 {[%clk 01:29:54]}
{[%emt 00:00:17]} 3. Nc3 {[%clk 01:29:52]} {[%emt 00:00:07]} d5 {[%clk
01:29:54]} {[%emt 00:00:07]} 4. cxd5 {[%clk 01:29:36]} {[%emt 00:00:26]} exd5
{[%clk 01:29:54]} {[%emt 00:00:07]} 5. Bg5 {[%clk 01:29:36]} {[%emt 00:00:09]}
c6 {[%clk 01:29:46]} {[%emt 00:00:19]} 6. Qc2 {[%clk 01:29:35]} {[%emt
00:00:11]} h6 {[%clk 01:29:36]} {[%emt 00:00:20]} 7. Bh4 {[%clk 01:29:16]}
{[%emt 00:00:26]} Bd6 {[%clk 01:29:22]} {[%emt 00:00:26]} 8. e3 {[%clk
01:28:09]} {[%emt 00:01:17]} Be6 {[%clk 01:28:39]} {[%emt 00:00:53]} 9. Bd3
{[%clk 01:27:29]} {[%emt 00:00:49]} Nbd7 {[%clk 01:28:34]} {[%emt 00:00:15]} 10.
Nf3 {[%clk 01:26:56]} {[%emt 00:00:43]} Qc7 {[%clk 01:28:12]} {[%emt 00:00:33]}
11. Bg3 {[%clk 01:21:20]} {[%emt 00:05:46]} Bg4 {[%clk 01:26:50]} {[%emt
00:01:33]} 12. Nh4 {[%clk 01:17:15]} {[%emt 00:04:14]} g6 {[%clk 01:21:56]}
{[%emt 00:05:04]} 13. O-O {[%clk 01:15:09]} {[%emt 00:02:15]} O-O-O {[%clk
01:21:48]} {[%emt 00:00:20]} 14. Nb5 {[%clk 01:01:50]} {[%emt 00:13:29]} cxb5
{[%clk 01:20:58]} {[%emt 00:01:00]} 15. Bxd6 {[%clk 00:58:14]} {[%emt
00:03:45]} Qxc2 {[%clk 01:20:11]} {[%emt 00:00:57]} 16. Bxc2 {[%clk 00:57:50]}
{[%emt 00:00:34]} b6 {[%clk 01:19:55]} {[%emt 00:00:27]} 17. Bd3 {[%clk
00:56:32]} {[%emt 00:01:27]} Kb7 {[%clk 01:19:37]} {[%emt 00:00:28]} 18. Bxb5
{[%clk 00:54:02]} {[%emt 00:02:40]} a6 {[%clk 01:18:56]} {[%emt 00:00:52]} 19.
Bd3 {[%clk 00:49:16]} {[%emt 00:04:55]} Rc8 {[%clk 01:16:40]} {[%emt 00:02:26]}
20. h3 {[%clk 00:48:35]} {[%emt 00:00:50]} Be6 {[%clk 01:16:33]} {[%emt
00:00:18]} 21. Rac1 {[%clk 00:48:05]} {[%emt 00:00:39]} Rxc1 {[%clk 01:16:31]}
{[%emt 00:00:13]} 22. Rxc1 {[%clk 00:48:05]} {[%emt 00:00:04]} Rc8 {[%clk
01:16:31]} {[%emt 00:00:04]} 23. Bxa6+ {[%clk 00:46:51]} {[%emt 00:01:26]} Kxa6
{[%clk 01:16:31]} {[%emt 00:00:02]} 24. Rxc8 {[%clk 00:46:51]} {[%emt
00:00:03]} Ne4 {[%clk 01:16:06]} {[%emt 00:00:35]} 25. Ba3 {[%clk 00:45:39]}
{[%emt 00:01:22]} Ndc5 {[%clk 01:15:37]} {[%emt 00:00:39]} 26. Rh8 {[%clk
00:45:21]} {[%emt 00:00:27]} Nd3 {[%clk 01:15:37]} {[%emt 00:00:05]} 27. f4
{[%clk 00:42:16]} {[%emt 00:03:13]} g5 {[%clk 01:14:28]} {[%emt 00:01:21]} 28.
fxg5 {[%clk 00:42:03]} {[%emt 00:00:23]} hxg5 {[%clk 01:14:23]} {[%emt
00:00:15]} 29. Nf3 {[%clk 00:41:53]} {[%emt 00:00:19]} f6 {[%clk 01:14:15]}
{[%emt 00:00:18]} 30. Rf8 {[%clk 00:39:02]} {[%emt 00:03:01]} Nc1 {[%clk
01:13:25]} {[%emt 00:00:59]} 31. Be7 {[%clk 00:37:51]} {[%emt 00:01:23]} Ne2+
{[%clk 01:13:15]} {[%emt 00:00:19]} 32. Kf1 {[%clk 00:37:43]} {[%emt 00:00:19]}
N2g3+ {[%clk 01:13:13]} {[%emt 00:00:12]} 33. Ke1 {[%clk 00:37:36]} {[%emt
00:00:17]} Nh5 {[%clk 01:12:26]} {[%emt 00:00:57]} 34. Nd2 {[%clk 00:37:09]}
{[%emt 00:00:37]} 1-0

[Event "2024 National Elementary (K-6) Championship"]
[Site "Columbus, Ohio, United States"]
[Date "????.??.??"]
[Round "1.5"]
[White "Ganesan, Vidhun"]
[Black "Rallabandi, Krishna K"]
[Result "0-1"]
[TimeControl "G/90; d10"]
[WhiteFideId "30987423"]
[BlackFideId "25959280"]
[WhiteElo "1473"]
[BlackElo "2046"]

1. d4 {[%clk 01:30:00]} {[%emt 00:00:04]} Nf6 {[%clk 01:30:00]} {[%emt
00:00:09]} 2. c4 {[%clk 01:30:00]} {[%emt 00:00:10]} g6 {[%clk 01:30:00]}
{[%emt 00:00:09]} 3. Nc3 {[%clk 01:29:36]} {[%emt 00:00:35]} d5 {[%clk
01:30:00]} {[%emt 00:00:07]} 4. Nf3 {[%clk 01:28:42]} {[%emt 00:01:04]} Bg7
{[%clk 01:29:39]} {[%emt 00:00:32]} 5. Bg5 {[%clk 01:26:31]} {[%emt 00:02:20]}
Ne4 {[%clk 01:28:50]} {[%emt 00:00:59]} 6. Qb3 {[%clk 01:19:11]} {[%emt
00:07:32]} Nxg5 {[%clk 01:25:00]} {[%emt 00:03:59]} 7. Nxg5 {[%clk 01:18:54]}
{[%emt 00:00:26]} O-O {[%clk 01:21:21]} {[%emt 00:03:48]} 8. Nf3 {[%clk
01:17:05]} {[%emt 00:02:00]} c5 {[%clk 01:17:04]} {[%emt 00:04:28]} 9. e3
{[%clk 01:14:50]} {[%emt 00:02:24]} cxd4 {[%clk 01:14:04]} {[%emt 00:03:11]} 10.
exd4 {[%clk 01:14:43]} {[%emt 00:00:17]} e5 {[%clk 01:13:07]} {[%emt 00:01:07]}
11. dxe5 {[%clk 01:12:48]} {[%emt 00:02:05]} d4 {[%clk 01:12:34]} {[%emt
00:00:43]} 12. Rd1 {[%clk 01:02:26]} {[%emt 00:10:31]} Nc6 {[%clk 01:10:48]}
{[%emt 00:01:56]} 13. Nb5 {[%clk 00:59:18]} {[%emt 00:03:19]} Qa5+ {[%clk
01:10:09]} {[%emt 00:00:49]} 14. Nd2 {[%clk 00:55:19]} {[%emt 00:04:07]} a6
{[%clk 01:09:18]} {[%emt 00:01:02]} 15. Nd6 {[%clk 00:53:10]} {[%emt 00:02:19]}
Qxe5+ {[%clk 01:09:04]} {[%emt 00:00:24]} 16. N2e4 {[%clk 00:50:18]} {[%emt
00:03:03]} f5 {[%clk 01:08:28]} {[%emt 00:00:46]} 17. c5+ {[%clk 00:48:56]}
{[%emt 00:01:32]} Be6 {[%clk 01:08:08]} {[%emt 00:00:30]} 18. Qb4 {[%emt
00:00:09]} b6 19. Qxb6 {[%clk 00:48:55]} Bd5 {[%clk 01:07:29]} {[%emt
00:00:49]} 20. Qb7 {[%clk 00:46:54]} Qf4 {[%clk 01:07:13]} {[%emt 00:02:37]}
0-1